Comprendre l'enfant apprenti lecteur. Recherches actuelles en psychologie de l'écrit (Record no. 802)

MARC details
000 -LEADER
fixed length control field 02085nam a2200277 4500
008 - FIXED-LENGTH DATA ELEMENTS--GENERAL INFORMATION
fixed length control field s2003 fr fre u
020 ## - INTERNATIONAL STANDARD BOOK NUMBER
International Standard Book Number 2725623286
020 ## - INTERNATIONAL STANDARD BOOK NUMBER
International Standard Book Number 9782725623283
040 ## - CATALOGING SOURCE
Original cataloging agency LB-BrCRDP
082 1# - DEWEY DECIMAL CLASSIFICATION NUMBER
Classification number 370.15
Item number CHA
100 1# - MAIN ENTRY--PERSONAL NAME
Personal name Chauveau, Gérard
245 10 - TITLE STATEMENT
Title Comprendre l'enfant apprenti lecteur. Recherches actuelles en psychologie de l'écrit
Statement of responsibility, etc. Gérard Chauveau
260 ## - PUBLICATION, DISTRIBUTION, ETC.
Place of publication, distribution, etc. Paris
Name of publisher, distributor, etc. Retz
Date of publication, distribution, etc. 2003
300 ## - PHYSICAL DESCRIPTION
Extent 190 p.
Dimensions 22 cm
490 0# - SERIES STATEMENT
Series statement Forum Education Culture
500 ## - GENERAL NOTE
General note Sommaire.
520 ## - SUMMARY, ETC.
Summary, etc. L'objectif de cet ouvrage est de montrer la vitalité et la richesse du courant de recherche qui propose une conception langagière et culturelle de la lecture et de son acquisition.Commencer à devenir lecteur c'est, pour l'essentiel, comprendre l'écriture et la lecture. C'est se poser - et résoudre - trois questions : pourquoi lire et apprendre à lire, comment fonctionne le code écrit, que faire pour lire ? Les contributions réunies dans cet ouvrage mettent en évidence que l'entrée en lecture et en écriture de l'enfant de cinq à sept ans et sa maîtrise du savoir-lire engagent des compétences " plurielles " qui mêlent le culturel, le langagier et le (méta)linguistique.Elles montrent également la nature complexe et interactive du savoir-lire de base. Le jeune enfant lecteur débutant doit combiner des opérations " contrastées " : il lui faut en même temps - en interaction - décoder les mots et questionner-explorer le contenu des énoncés écrits. L'ensemble des recherches présentées ici permet d'éclairer la pédagogie de la lecture-écriture. Cet ouvrage s'adresse aux enseignants de l'école primaire et à leurs formateurs, ainsi qu'à tous les professionnels de l'éducation désireux de connaître les approches actuelles en psychologie de l'écrit.
650 4# - SUBJECT ADDED ENTRY--TOPICAL TERM
Topical term or geographic name entry element Psychologie
650 4# - SUBJECT ADDED ENTRY--TOPICAL TERM
Topical term or geographic name entry element Acquisition du langage
650 4# - SUBJECT ADDED ENTRY--TOPICAL TERM
Topical term or geographic name entry element Apprentissage
650 4# - SUBJECT ADDED ENTRY--TOPICAL TERM
Topical term or geographic name entry element Pédagogie
650 4# - SUBJECT ADDED ENTRY--TOPICAL TERM
Topical term or geographic name entry element Ecriture et lecture
650 4# - SUBJECT ADDED ENTRY--TOPICAL TERM
Topical term or geographic name entry element Psychopédagogie
942 ## - ADDED ENTRY ELEMENTS (KOHA)
Koha item type Books
Holdings
Withdrawn status Lost status Source of classification or shelving scheme Damaged status Not for loan Home library Current library Shelving location Date acquired Source of acquisition Cost, normal purchase price Total Checkouts Full call number Barcode Date last seen Copy number Price effective from Koha item type
    Dewey Decimal Classification     مكتبة دار المعلمين و المعلمات - النبطية مكتبة دار المعلمين و المعلمات - النبطية Salle de Lecture 02/28/2006 Ambassade de France 0.00   372.4 CHA. CRN1055 07/28/2016 1 07/28/2016 Books
    Dewey Decimal Classification     مكتبة دار المعلمين و المعلمات - بئر حسن مكتبة دار المعلمين و المعلمات - بئر حسن Salle de Lecture 12/22/2006 Ambassade de France 0.00   372.41 Cha CRB1621 07/27/2016 1 07/27/2016 Books
    Dewey Decimal Classification     مكتبة دار المعلمين و المعلمات - بئر حسن مكتبة دار المعلمين و المعلمات - بئر حسن Salle de Lecture 07/01/2008 Ambassade de France 0.00   372.41 Cha CRB2260 07/27/2016 2 07/27/2016 Books
    Dewey Decimal Classification     مكتبة دار المعلمين و المعلمات - جونية مكتبة دار المعلمين و المعلمات - جونية Salle de Lecture 02/28/2006 Ambassade de France 19.70   372.4 CHA. CRJ1055 07/27/2016 1 07/27/2016 Books
    Dewey Decimal Classification     مكتبة دار المعلمين و المعلمات - جونية مكتبة دار المعلمين و المعلمات - جونية Salle de Lecture 12/16/2008 Ambassade de France 19.70   372.4 CHA. CRJ2907 07/27/2016 2 07/27/2016 Books
    Dewey Decimal Classification     مكتبة دار المعلمين و المعلمات - جونية مكتبة دار المعلمين و المعلمات - جونية Salle de Lecture 12/16/2008 Ambassade de France 19.70   372.4 CHA. CRJ2908 07/27/2016 3 07/27/2016 Books
    Dewey Decimal Classification     مكتبة دار المعلمين و المعلمات - جونية مكتبة دار المعلمين و المعلمات - جونية Salle de Lecture 10/01/2013 Ambassade de France 19.70   372.4 CHA. CRJ5715 07/27/2016 4 07/27/2016 Books
    Dewey Decimal Classification     مكتبة دار المعلمين و المعلمات - جونية مكتبة دار المعلمين و المعلمات - جونية Salle de Lecture 10/01/2013 Ambassade de France 19.70   372.4 CHA. CRJ5716 07/27/2016 5 07/27/2016 Books
    Dewey Decimal Classification     مكتبة دار المعلمين و المعلمات - زحلة مكتبة دار المعلمين و المعلمات - زحلة Salle de Lecture 06/08/2006 Amb. de France 20.02   370.15 CHA CRZ811 07/26/2016 1 07/26/2016 Books
    Dewey Decimal Classification     مكتبة دار المعلمين و المعلمات - زحلة مكتبة دار المعلمين و المعلمات - زحلة Salle de Lecture 05/23/2008 Amb. de France 20.02   370.15 CHA CRZ3041 07/26/2016 2 07/26/2016 Books
    Dewey Decimal Classification     مكتبة دار المعلمين و المعلمات - صيدا مكتبة دار المعلمين و المعلمات - صيدا Salle de Lecture 03/20/2006 Ambassade de France 0.00   372.465 CHA CRS716 07/28/2016 1 07/28/2016 Books
    Dewey Decimal Classification     مكتبة دار المعلمين و المعلمات - طرابلس مكتبة دار المعلمين و المعلمات - طرابلس Salle de Lecture 03/23/2007 Ambassade de France 0.00   372.62 CHA CRT2059 07/27/2016 1 07/27/2016 Books
    Dewey Decimal Classification     مكتبة دار المعلمين و المعلمات - طرابلس مكتبة دار المعلمين و المعلمات - طرابلس Salle de Lecture 05/16/2008 Ambassade de France 0.00   372.62 CHA CRT713 07/27/2016 2 07/27/2016 Books